| 000 | 00503nam a2200181Ia 4500 | ||
|---|---|---|---|
| 008 | 090122s9999 xx 000 0 und d | ||
| 082 |
_b13498 _a891.468 |
||
| 100 |
_aकदम _bबाबा |
||
| 245 | _aचंद्रा | ||
| 260 |
_bदिलीपराज _c6 वी 2008 |
||
| 300 | _a138 | ||
| 501 | _a4257-11/09/2008 दिलीपराज पुणे | ||
| 600 | _aकदम | ||
| 630 | _aचंद्रा | ||
| 700 | _aकदम | ||
| 730 | _aचंद्रा | ||
| 942 | _cBOOK | ||
| 999 |
_c37575 _d37575 |
||